01548cam a22003737a 4500003000500000005001700005008004100022010001000063011001000073035001000083040000900093090001000102100003700112245013400149260004100283300002700324502008100351590003700432590004100469590004100510590004100551590004200592650004200634650003800676650003900714901000700753905002600760942000900786949005500795949004100850999001700891952014000908952012601048CHAP20220329141904.0970417d1998 mx ab r 00110 spaod a75320 a76292 a85871 cCHAP aTesis00aCuevas Mendoza, Vicencio.93017010aResago agrario y política agropecuaria :bel caso de una comunidad de la mixteca alta oaxaqueñac/por Vicencio Cuevas Mendoza aChapingo, Méx. :bEl autor,c1998. a87 h. :bilus. ; mapas aTesis (Ing. Agr. Esp. en Zonas Aridas) -- UACH. Departamento de Zonas Aridas aALEPHb10c20130110lUCH01h1423 aBATCH-UPDb10c20130110lUCH01h0641 aBATCH-UPDb10c20130410lUCH01h0326 aBATCH-UPDb10c20130914lUCH01h1114 aCONVERSIONb10c20130109lUCH01h134114aPolítica agrícolazOaxaca.99038814aTierrasxTenenciaxLeyes.911317914aTierrasxTenenciaxOaxaca.9113188 aBK aAlejandra Carrasco M. cFOLL bBCcTESd33724000588935eTS2fc.2h32648i85871si bBCcTESd85871eTS1h32647i85871sb c75320d75320 00102local4053708TESISaBCbBCcPA_TESISd2019-12-31fTESISl0oTesisp33724000588935r2019-12-31 00:00:00tc.2w2019-12-31yTESIS 00102local4051708TESISaBCbBCcPA_TESISd2019-12-31fTESISl0oTesisp85871r2019-12-31 00:00:00w2019-12-31yTESIS